Ocarina of Time: Grab Bag Quiz Stats

 Plays Quiz not verified by Sporcle

Score 0/72 Timer 07:00
0 Plays Today
Category % Correct
TemplesFire
91.9%
TemplesWater
91.3%
TemplesForest
89%
SagesPrincess Zelda
87.1%
TemplesShadow
86.5%
TemplesSpirit
85.4%
SagesSaria
84.5%
Dungeon BossesGanon
82.1%
SagesImpa
77.4%
Items Acquired in DungeonsIron Boots
76.9%
Link's WardrobeIron Boots
76.9%
Dungeon BossesGanondorf
76.5%
SagesPrincess Ruto
75.6%
Items Acquired in DungeonsMirror Shield
74.5%
Link's WardrobeMirror Shield
74.5%
SagesDarunia
74.2%
Ocarina SongsEpona's Song
73.7%
Items Acquired in DungeonsBoomerang
72.1%
Items Acquired in DungeonsBombs
71.8%
Ocarina SongsZelda's Lullaby
71.4%
Dungeon BossesPhantom Ganon
70.4%
Link's WardrobeMaster Sword
70.3%
Ocarina SongsSong of Time
70%
Dungeon BossesKing Dodongo
69.7%
Items Acquired in DungeonsHover Boots
69.3%
Link's WardrobeHover Boots
69.3%
Dungeon BossesBongo Bongo
69%
Items Acquired in DungeonsLongshot
67.8%
Ocarina SongsSong of Storms
67.7%
Dungeon BossesGohma
67.1%
Link's WardrobeZora Tunic
66.3%
Dungeon BossesTwinrova
66.2%
Items Acquired in DungeonsFairy Bow
66.2%
SagesRauru
65.8%
Link's WardrobeGoron Tunic
65.7%
Items Acquired in DungeonsLens of Truth
65.6%
Category % Correct
Link's WardrobeKokiri Sword
65.4%
Ocarina SongsSaria's Song
64.8%
Link's WardrobeKokiri Tunic
64.8%
Ocarina SongsBolero of Fire
64.7%
SagesNabooru
64.4%
Dungeon BossesVolvagia
64.4%
Link's WardrobeHylian Shield
64.3%
Items Acquired in DungeonsMegaton Hammer
62.8%
Ocarina SongsSun's Song
62.8%
Link's WardrobeBiggoron's Sword
62.8%
Link's WardrobeDeku Shield
60.9%
Link's WardrobeKokiri Boots
57.9%
Items Acquired in DungeonsFairy Slingshot
57.8%
Ocarina SongsScarecrow's Song
57.8%
Ocarina SongsMinuet of Forest
57.7%
Dungeon BossesMorpha
57.3%
Items Acquired in DungeonsIce Arrows
56.2%
Items Acquired in DungeonsSilver Gauntlets
56%
Dungeon Mini-BossesDark Link
55.7%
Great Fairy Fountain LocationsHyrule Castle
53.5%
Dungeon BossesBarinade
53%
Ocarina SongsSerenade of Water
53%
Great Fairy Fountain LocationsDeath Mountain
52.8%
Items Acquired in DungeonsGolden Gauntlets
52.6%
Ocarina SongsNocturne of Shadow
52.5%
Ocarina SongsPrelude of Light
49.7%
Ocarina SongsRequiem of Spirit
49.2%
Dungeon Mini-BossesDead Hand
43.8%
Dungeon Mini-BossesPoe Sisters
41.9%
Great Fairy Fountain LocationsGanon's Castle
40.3%
Link's WardrobeGiant's Knife
39.5%
Dungeon Mini-BossesBigocto
38.2%
Dungeon Mini-BossesFlare Dancer
32%
Great Fairy Fountain LocationsDesert Colossus
31.3%
Great Fairy Fountain LocationsZora's Fountain
30.6%
Great Fairy Fountain LocationsDeath Mountain Crater
25.2%

You're not logged in!

Compare scores with friends on all Sporcle quizzes.
OR
Log In

Show Comments

Extras

Top Quizzes Today


Score Distribution

Your Account Isn't Verified!

In order to create a playlist on Sporcle, you need to verify the email address you used during registration. Go to your Sporcle Settings to finish the process.

Report this User

Report this user for behavior that violates our Community Guidelines.

Details: